000 00997nam a2200253 a 4500
001 000022903
005 20240515122609.0
008 101122s1965 mx r 000 0 spa d
040 _aDO-SdBNP
_bspa
_cBNPHU
041 1 7 _aspa
_hfre
_2Código de idiomas MARC
082 _a338.9
_bB565p, 1965
100 1 _aBettelheim, Charles,
_d1913-2006
_947075
240 1 0 _aPlanification et croissance accélérée.
_lEspañol.
245 1 0 _aPlanificación y crecimiento acelerado /
_cCharles Bettelheim ; traducción de Ramón Ramírez Gómez.
250 _a2a ed.
260 _aMéxico :
_aBuenos Aires ; :
_bFondo de Cultura Económica,
_c1965.
300 _a242, [1] p. ;
_c22 cm.
504 _aIncluye referencias bibliográficas y notas al pie de las páginas.
534 _pTítulo original en francés:
_tPlanification et croissance accélérée.
650 0 _aPolítica económica
_984931
650 4 _aTeoría política
_933301
700 1 _aRamírez Gómez, Ramón,
_etr.
_947076
049 _aBNGR
999 _c22400
_d22400